000
00313nam a2200133Ia 4500
003
SGT
082
_a
1.42,RAO
100
_a
RAO,ADITHAM B.
245
_a
RESEARCH METHODOLOGY
260
_b
EXCEL BOOKS
_a
NEW DELHI
_c
2008
300
_a
342p.
650
_a
RESEARCH METHODOLOGY, RESEARCH ANALYSIS
942
_2
ddc
_c
FCM
_0
8
999
_c
6424
_d
6424